The 5 most-watched clips by band on youtube - Statistics

General Stats
  • This quiz has been taken 13 times
  • The average score is 18 of 50
Answer Stats
Hint Answer % Correct
Queen Bohemian Rhapsody
90%
Yellow
80%
American Idiot
70%
Radiohead Creep
70%
Another One Bites The Dust
60%
Clint Eastwood
60%
Gorillaz Feel Good Inc
60%
In The End
60%
Paradise
60%
21 Pilots Stressed Out
60%
We Will Rock You
60%
The Cranberries Zombie
60%
Imagine Dragons Believer
50%
Demons
50%
Don't Stop Me Now
50%
Hey Jude
50%
Radioactive
50%
Thunder
50%
Adventure Of A Lifetime
40%
Green Day Boulevard Of Broken Dreams
40%
Here Comes The Sun
40%
Coldplay Hymn For The Weekend
40%
Linger
40%
Linkin Park Numb
40%
The Scientist
40%
Basket Case
30%
Car Radio
30%
I Want To Break Free
30%
On Melancholy Hill
30%
Ride
30%
Whatever It Takes
30%
What I've Done
30%
21 Guns
20%
Chlorine
20%
Dare
20%
Dirty Harry
20%
Karma Police
20%
No Surprises
20%
Ode To My Family
20%
Castle Of Glass
10%
The Beatles Don't Let Me Down
10%
Dreams
10%
Heatens
10%
New Divide
10%
Wake Me Up When September Ends
10%
A Day In The Life
0%
Hello Goodbye
0%
High And Dry
0%
Lotus Flower
0%
When You're Gone
0%
No matching quizzes found
Score Distribution
Percent of People with Each Score
Percentile by Number Answered
Your Score History
You have not taken this quiz